000 00795cam a22002051 4500
001 ne 68005071
003 DLC
005 20260227111852.0
008 890819s1968 ua 000 0 arar
010 _ane 68005071
035 _a(OCoLC)20223023
040 _aDLC
_cCU
_dCU
_dDLC
042 _apremarc
050 0 0 _aBP174
_b.I215 1968
100 2 _aIbn Qayyim al-Jawzīyah, Muḥammad ibn Abī Bakr,
_d1292-1350.
245 1 3 _aal-Wābil al-ṣayyib min al-kalim al-ṭayyib /
_cTaʼlīf Abī ʻAbd Allāh Muḥammad al-shahīr bi-Ibn Qayyim al-Jawzīyah ; ʻaniyat bi-al-taʻlīq ʻalayhī Idārat al-Ṭibāʻah al-Munīrīyah.
260 _a[Cairo] :
_bMaktabat wa-maṭbaʻat Muḥammad ʻAlī Ṣabīḥ,
_c[1968].
300 _a208 p. ;
_c20 cm.
650 0 _aIslam
_xCustoms and practices.
999 _c51205
_d51205